Nova gramática do Português contemporâneo (Registo nº 938)

Detalhes MARC
000 -Etiqueta do registo
Cabeçalho 00847cam a2200313 4500
005 - Identificador da versão
Campo de controlo 20240813121819.0
010 ## - Número internacional normalizado dos livros (ISBN)
Número (ISBN) 9729230005
021 ## - Número do Depósito Legal
Código do país PT
Número 148336/00
035 ## - Other System Control Numbers
System Control Number 0001003
System Control Number 0000986
100 ## - Dados gerais de processamento
Dados gerais de processamento 20001211d2000 em y0pory5003 ba
102 ## - Pais de publicação ou produção
País de publicação Portugal
101 0# - Língua de publicação
Língua do texto, banda sonora, etc. Português
106 ## - Campo de dados codificados: material textual
Dados codificados do material textual r
105 ## - Campo de dados codificados: livros
Dados codificados dos livros a z 001yy
215 ## - Descrição física 
Indicação específica da natureza do documento e extensão da espécie XV, [1] 734 p.
Outras indicações físicas il.
Dimensões 24 cm
200 1# - Titulo e menção de responsabilidade
Título próprio Nova gramática do Português contemporâneo
Primeira menção de responsabilidade Celso Cunha, Luís F. Lindley Cintra
225 2# - Colecção 
Título próprio da colecção Poética
205 ## - Menção da edição
Menção da edição 18ª ed
210 ## - Publicação, Distribuição, etc. 
Lugar da edição, distribuição, etc. Lisboa
Nome do editor, distribuidor, etc. João Sá da Costa
Data da publicação, distribuição, etc. 2005
606 ## - Nome comum usado como assunto
Número de registo de entrada de autoridade 0001236
Código do sistema SIPOR
675 ## - Classificação Decimal Universal (CDU)
Notação 811.134.3'36
Edição BN
Língua da edição por
701 #1 - Nome de autor-pessoa física (co-responsabilidade principal)
Palavra de ordem Cintra
Outra parte do nome não tomada para palavra de ordem Luís F. Lindley
Datas 1925-1991
Código de função Autor / Co-autor
700 #1 - Nome de autor-pessoa física (responsabilidade principal)
Número de registo de entrada de autoridade 0001237
Palavra de ordem Cunha
Outra parte do nome não tomada para palavra de ordem Celso
Datas 1917-1989
942 ## - Elementos de entrada adicionados (Koha)
Tipo de item no Koha Livro
Exemplares
Situação do levantamento Origin of item (home branch) (coded) Biblioteca de empréstimo Código de barras Cota Circulation type (not for loan) Tipo de documento Nota do exemplar Damaged status
  Biblioteca Escolar Eng. Nuno Mergulhão Biblioteca Escolar Eng. Nuno Mergulhão BENM1679 811 CIN   Livro Sem mensagem